[Event "Online Olym Div2 C 2020"]
[Site "chess.com INT"]
[Date "2020.08.14"]
[Round "2.2"]
[Board "6"]
[White "Van Foreest, Machteld"]
[Black "Palma, Maria"]
[Result "1/2-1/2"]
[BlackTitle "WFM"]
[WhiteElo "2161"]
[BlackElo "1989"]
[WhiteTeam "Netherlands"]
[BlackTeam "Italy"]
[WhiteFideId "1051563"]
[BlackFideId "898481"]
[EventDate "2020.08.14"]
[EventType "team"]

1. e4 e6 2. d4 d5 3. Nd2 dxe4 4. Nxe4 Nd7 5. Nf3 Ngf6 6. Ng3 c5 7. Be2 cxd4 8.
Nxd4 Bc5 9. O-O O-O 10. c3 a6 11. Qc2 Qc7 12. Bd3 Bxd4 13. cxd4 Qxc2 14. Bxc2 b6
15. Bd2 Bb7 16. Rac1 Rac8 17. Bd3 Rxc1 18. Rxc1 Rc8 19. Rxc8+ Bxc8 20. f3 Kf8
21. Kf2 Nb8 22. Ne4 Nxe4+ 23. Bxe4 f5 24. Ba8 Ke7 25. Bf4 Nd7 26. Bc6 Nf6 27.
Be5 g6 28. a3 Ne8 29. d5 Nd6 30. Bd4 b5 31. Bc5 exd5 32. Bxd5 Be6 33. Bb7 a5 34.
Ba6 Bd7 35. a4 bxa4 36. Bc4 Be6 37. Bb5 Bb3 38. Ke3 Ke6 39. Bxd6 Kxd6 40. Kd4
Bd1 41. Bc4 Bb3 42. Bxb3 axb3 43. Kc4 Kc6 44. Kxb3 Kb5 45. Ka3 h6 46. Kb3 Kc5
47. Ka4 Kb6 48. g3 Ka6 49. b4 axb4 50. Kxb4 Kb6 51. Kc4 Kc6 52. Kd4 Kd6 53. h4
g5 54. h5 Ke6 55. f4 gxf4 56. gxf4 Kd6 57. Kc4 Kc6 58. Kd4 Kd6 59. Kc4 Kc6 60.
Kd4 Kd6 1/2-1/2

[Event "Online Olym Div2 C 2020"]
[Site "chess.com INT"]
[Date "2020.08.14"]
[Round "2.3"]
[Board "1"]
[White "Sirosh, Ilja"]
[Black "Georgiev, Kiril"]
[Result "1/2-1/2"]
[WhiteTitle "IM"]
[BlackTitle "GM"]
[WhiteElo "2405"]
[BlackElo "2592"]
[WhiteTeam "Estonia"]
[BlackTeam "North Macedonia"]
[WhiteFideId "4500458"]
[BlackFideId "2900017"]
[EventDate "2020.08.14"]
[EventType "team"]

1. d4 Nf6 2. c4 e6 3. g3 d5 4. Nf3 Bb4+ 5. Bd2 Be7 6. Bg2 c6 7. O-O dxc4 8. Qc2
b5 9. b3 cxb3 10. axb3 Bb7 11. Ba5 Qc8 12. Ne5 Nfd7 13. Nd3 O-O 14. b4 Bf6 15.
Qc3 Re8 16. f4 c5 17. Bxb7 Qxb7 18. bxc5 Qe4 19. Ne5 Nxe5 20. dxe5 Be7 21. Nd2
Qd5 22. Rac1 Na6 23. Nb3 Nxc5 24. Nxc5 Rac8 25. Qf3 Bxc5+ 26. Kg2 Qd7 27. Rfd1
Qe7 28. h4 h6 29. h5 Ba3 30. Rb1 a6 31. Rd3 Bc5 32. Rc1 Ba7 33. Rdc3 Rxc3 34.
Qxc3 Qb7+ 35. Qf3 Rb8 36. Qxb7 Rxb7 37. Bb4 Bb6 38. Rc8+ Kh7 39. Ra8 Ra7 40. Rb8
Bd4 41. Ba5 f6 42. exf6 Bxf6 43. e4 e5 44. Kf3 Rd7 45. Re8 Re7 46. Ra8 Re6 47.
Rc8 Rd6 48. Re8 Rd3+ 49. Kg4 Ra3 50. Bc7 exf4 51. gxf4 Bd4 52. e5 b4 53. Bd6 a5
54. f5 Re3 55. Kf4 b3 56. f6 gxf6 57. Re7+ Kg8 58. Re8+ Kf7 59. Re7+ Kf8 60.
Re6+ Kg8 61. Re8+ Kh7 62. Re7+ Kh8 63. Re8+ Kg7 64. Re7+ Kg8 65. Re8+ 1/2-1/2

[Event "Online Olym Div2 C 2020"]
[Site "chess.com INT"]
[Date "2020.08.14"]
[Round "2.3"]
[Board "2"]
[White "Stojanovski, Dejan"]
[Black "Andrijashkin, Deniss"]
[Result "1-0"]
[WhiteTitle "IM"]
[WhiteElo "2421"]
[BlackElo "1915"]
[WhiteTeam "North Macedonia"]
[BlackTeam "Estonia"]
[WhiteFideId "15000796"]
[BlackFideId "4504631"]
[EventDate "2020.08.14"]
[EventType "team"]

1. d4 g6 2. e4 Bg7 3. Nc3 d6 4. Bg5 a6 5. a4 Nc6 6. d5 Nd4 7. Be3 c5 8. dxc6
Nxc6 9. Nd5 Kf8 10. c3 Nf6 11. Bd3 Be6 12. Nf4 Bd7 13. Nf3 e5 14. Ne2 Qe7 15.
O-O h6 16. h3 Kg8 17. c4 Nb4 18. a5 Kh7 19. Nc3 Be6 20. b3 Rac8 21. Be2 Nh5 22.
Ra4 Nc6 23. Qd2 f5 24. Rd1 Rhd8 25. Bb6 Rd7 26. Nd5 Bxd5 27. cxd5 Nd8 28. exf5
gxf5 29. Nxe5 Bxe5 30. Bg4 fxg4 31. Rxg4 Nf6 32. Qd3+ Kh8 33. Rg6 Qh7 34. Be3
Nf7 35. f4 Bb2 36. Rd2 Rg8 37. Rxg8+ Kxg8 38. Qc4 Qb1+ 39. Kh2 Ne4 40. Qc8+ Rd8
41. Qg4+ Bg7 42. Bd4 Nfg5 43. Rd1 Qc2 44. fxg5 hxg5 45. Qe6+ Kh8 46. Qh6+ 1-0

[Event "Online Olym Div2 C 2020"]
[Site "chess.com INT"]
[Date "2020.08.14"]
[Round "2.3"]
[Board "3"]
[White "Viikmaa, Karmen"]
[Black "Stojkovska, Monika"]
[Result "0-1"]
[BlackTitle "WFM"]
[WhiteElo "1720"]
[BlackElo "2106"]
[WhiteTeam "Estonia"]
[BlackTeam "North Macedonia"]
[WhiteFideId "4502620"]
[BlackFideId "15002594"]
[EventDate "2020.08.14"]
[EventType "team"]

1. Nf3 Nf6 2. g3 b6 3. Bg2 Bb7 4. O-O e6 5. d3 d5 6. Nbd2 Nbd7 7. Re1 Bc5 8. e4
dxe4 9. dxe4 Ng4 10. Rf1 Ndf6 11. Qe2 Nxf2 12. Rxf2 Ng4 13. Nb3 Bxf2+ 14. Kh1 a5
15. Ng5 h5 16. Bf4 a4 17. Rd1 Qe7 18. Nc1 e5 19. Bd2 Bc5 20. Rf1 O-O 21. Nd3 Ba6
22. Qf3 Bxd3 23. cxd3 Rad8 24. h3 Nf6 25. Bc3 Bd4 26. Rd1 a3 27. Qe2 axb2 28.
Qxb2 Ng4 29. hxg4 Qxg5 30. Qb3 hxg4 31. Bf1 Qh6+ 32. Kg2 Qh3# 0-1

[Event "Online Olym Div2 C 2020"]
[Site "chess.com INT"]
[Date "2020.08.14"]
[Round "2.3"]
[Board "5"]
[White "Garanin, Aleksei"]
[Black "Lazov, Toni"]
[Result "1-0"]
[WhiteTitle "FM"]
[BlackTitle "IM"]
[WhiteElo "2233"]
[BlackElo "2405"]
[WhiteTeam "Estonia"]
[BlackTeam "North Macedonia"]
[WhiteFideId "4504950"]
[BlackFideId "15000770"]
[EventDate "2020.08.14"]
[EventType "team"]

1. d4 d6 2. c4 g6 3. Nc3 Bg7 4. Nf3 e5 5. dxe5 dxe5 6. Qxd8+ Kxd8 7. Bg5+ f6 8.
O-O-O+ Nd7 9. Be3 Nh6 10. g3 Ng4 11. Bh3 Nxe3 12. fxe3 c6 13. Ne4 Ke7 14. Nd6
Rd8 15. e4 Nc5 16. Nxc8+ Raxc8 17. Bxc8 Rxc8 18. Rhf1 Nxe4 19. Kc2 f5 20. b4 Nd6
21. Kb3 e4 22. Nd4 h5 23. c5 Nf7 24. Nc2 h4 25. Ne3 Ne5 26. Rd6 h3 27. g4 fxg4
28. Nxg4 Nxg4 29. Rxg6 Nxh2 30. Rxg7+ Ke6 31. Rh1 Kf6 32. Rg3 1-0

[Event "Online Olym Div2 C 2020"]
[Site "chess.com INT"]
[Date "2020.08.14"]
[Round "2.3"]
[Board "6"]
[White "Manova, Ivana"]
[Black "Pool, Linda Maria"]
[Result "1-0"]
[WhiteElo "1742"]
[BlackElo "1148"]
[WhiteTeam "North Macedonia"]
[BlackTeam "Estonia"]
[WhiteFideId "15003590"]
[BlackFideId "4508882"]
[EventDate "2020.08.14"]
[EventType "team"]

1. e4 d5 2. exd5 Qxd5 3. Nc3 Qd6 4. d4 Nf6 5. h3 a6 6. Nf3 b5 7. a3 Bb7 8. Be2
e6 9. O-O Be7 10. Ne5 O-O 11. Bf4 Qd8 12. Qd3 Bd6 13. Rad1 Nd5 14. Nxd5 Bxd5 15.
Qg3 f6 16. Nd3 Bxf4 17. Nxf4 Qe7 18. Bf3 Bxf3 19. Qxf3 Nd7 20. Rfe1 e5 21. Qd5+
Kh8 22. Nd3 Rae8 23. Qc6 Qd6 24. Qxd6 cxd6 25. Nb4 a5 26. Nc6 a4 27. c3 Nb6 28.
Nb4 Nc4 29. dxe5 dxe5 30. Rd5 Rb8 31. Re2 Na5 32. Red2 Nc4 33. Re2 h6 34. f3 Na5
35. Red2 Nc4 36. Re2 Na5 37. Kf2 Nc4 38. Nc6 Rb7 39. Nd8 Rb8 40. Ne6 Rfe8 41.
Nc7 Red8 42. Rxb5 Rxb5 43. Nxb5 Rb8 44. Nc7 Rxb2 45. Rxb2 Nxb2 46. Nb5 Nc4 47.
Ke2 Kg8 48. Kd3 Nb6 49. c4 Kf7 50. Nc3 Ke6 51. c5 Nc8 52. Kc4 Kd7 53. Nxa4 Kc6
54. Nc3 Na7 55. a4 Nc8 56. Nb5 Ne7 57. a5 Kb7 58. Nd6+ Ka6 59. Ne8 Kxa5 60. Nxg7
Ka6 61. Ne8 f5 62. Nd6 Ka7 63. Nf7 h5 64. Nxe5 Kb7 65. Kd4 Kc7 66. Nd3 Kc6 67.
Ke5 Kd7 68. Nf4 h4 69. Nd5 Nxd5 70. Kxd5 f4 71. Ke4 Kc6 72. Kxf4 Kxc5 73. Kg4
Kd4 74. Kxh4 Ke3 75. Kg5 Kd4 76. f4 Ke4 77. f5 Ke5 78. f6 Ke6 79. Kg6 Kd7 80. f7
Ke7 81. Kg7 Ke6 82. f8=Q Ke5 83. Qf3 Kd4 84. Qe2 Kc3 85. Qd1 Kb2 86. Kf6 Kc3 87.
Ke5 Kb2 88. Kd4 Ka3 89. Qc2 Kb4 90. g4 Ka3 91. Qb1 Ka4 92. Kc4 Ka3 93. Qb3# 1-0

[Event "Online Olym Div2 C 2020"]
[Site "chess.com INT"]
[Date "2020.08.14"]
[Round "2.4"]
[Board "1"]
[White "Issa, Rafat"]
[Black "Ashiku, Franc"]
[Result "0-1"]
[WhiteTitle "IM"]
[BlackTitle "IM"]
[WhiteElo "2363"]
[BlackElo "2419"]
[WhiteTeam "Jordan"]
[BlackTeam "Albania"]
[WhiteFideId "7600437"]
[BlackFideId "4700066"]
[EventDate "2020.08.14"]
[EventType "team"]

1. d4 f5 2. Nf3 Nf6 3. g3 d6 4. Bg2 g6 5. O-O Bg7 6. c4 O-O 7. Nc3 Qe8 8. b3 e5
9. dxe5 dxe5 10. e4 f4 11. Ba3 Rf7 12. Ng5 Rd7 13. Qc1 Nc6 14. gxf4 Nh5 15. f5
Nf4 16. Re1 Nd4 17. Re3 Qd8 18. Ne6 Ndxe6 19. fxe6 Nxe6 20. Bh3 Rf7 21. Bxe6
Bxe6 22. Rg3 Qh4 23. Bc5 Bh6 24. Be3 Bf4 25. Ne2 Bxg3 26. hxg3 Qh5 27. Kf1 Bg4
28. Ng1 Rd8 29. Kg2 Rd3 30. Qe1 Bf3+ 31. Nxf3 Qxf3+ 32. Kg1 Rfd7 0-1

[Event "Online Olym Div2 C 2020"]
[Site "chess.com INT"]
[Date "2020.08.14"]
[Round "2.4"]
[Board "2"]
[White "Pasko, Llambi"]
[Black "Mansour, Sameer"]
[Result "1/2-1/2"]
[WhiteTitle "IM"]
[BlackTitle "IM"]
[WhiteElo "2410"]
[BlackElo "2308"]
[WhiteTeam "Albania"]
[BlackTeam "Jordan"]
[WhiteFideId "4701178"]
[BlackFideId "8100144"]
[EventDate "2020.08.14"]
[EventType "team"]

1. d4 d6 2. c4 e5 3. e3 f5 4. Nc3 Nf6 5. b3 Nbd7 6. Bb2 g6 7. Bd3 Bg7 8. Nge2
O-O 9. Qd2 exd4 10. exd4 Ng4 11. h3 Bh6 12. f4 Ngf6 13. O-O-O c6 14. Rdg1 d5 15.
cxd5 cxd5 16. g4 Ne4 17. Bxe4 fxe4 18. Nxd5 Nb6 19. Nxb6 axb6 20. Kb1 Qd6 21. d5
Rf7 22. Rc1 Bd7 23. Be5 Qa3 24. Qb2 Qa6 25. Rc7 Qd3+ 26. Ka1 Qxd5 27. Nc3 Qe6
28. Nxe4 Bxf4 29. Bxf4 Qxe4 30. Rd1 Qxf4 31. Rcxd7 Rxd7 32. Rxd7 Qf1+ 33. Qb1
Qf6+ 34. Qb2 Qf1+ 35. Qb1 Qf6+ 36. Qb2 Qf1+ 1/2-1/2

[Event "Online Olym Div2 C 2020"]
[Site "chess.com INT"]
[Date "2020.08.14"]
[Round "2.4"]
[Board "3"]
[White "Boshra, Alshaeby"]
[Black "Shabanaj, Eglantina"]
[Result "1-0"]
[WhiteTitle "WFM"]
[BlackTitle "WCM"]
[WhiteElo "2033"]
[BlackElo "1996"]
[WhiteTeam "Jordan"]
[BlackTeam "Albania"]
[WhiteFideId "8102937"]
[BlackFideId "4700562"]
[EventDate "2020.08.14"]
[EventType "team"]

1. e4 d6 2. d4 g6 3. Nc3 Bg7 4. Be3 Nd7 5. Qd2 c6 6. a4 Qc7 7. a5 e5 8. dxe5
dxe5 9. Nf3 Ndf6 10. h3 Be6 11. Ng5 Rd8 12. Nxe6 fxe6 13. Bd3 Ne7 14. Bxa7 Nc8
15. Bc5 Nh5 16. g3 Qf7 17. Qe2 Nd6 18. Na4 O-O 19. Bb6 Rde8 20. Nc5 Nb5 21. c3
Bh6 22. Bc4 Nd6 23. Bb3 Kh8 24. O-O Re7 25. Rfd1 Ne8 26. Bd8 Neg7 27. Bxe7 Qxe7
28. Nd7 Nf4 29. Qg4 Ngh5 30. Nxf8 Nf6 31. Nxe6 Nxg4 32. Rd8+ Qxd8 33. Nxd8 Nxh3+
34. Kg2 Nhxf2 35. Nxb7 Nxe4 36. a6 Ne3+ 37. Kf3 Nd2+ 38. Ke2 Nxb3 39. a7 Nxa1
40. a8=Q+ Kg7 41. Qxa1 Nd5 42. Nd6 Be3 43. Nc4 Bc5 44. Nxe5 Ne7 45. b4 Bd6 46.
c4 Kg8 47. Ng4 Nf5 48. Qa8+ Kf7 49. Qb7+ Kf8 50. Qc8+ Kf7 51. Qd7+ Be7 52. Ne5+
Kf6 53. Nxc6 Nxg3+ 54. Kf3 Nf5 55. Nxe7 Nxe7 56. b5 g5 57. b6 Ng6 58. Qd8+ Kf5
59. Qd5+ Ne5+ 60. Qxe5+ Kxe5 61. b7 h5 62. b8=Q+ Kd4 63. Qh8+ Kxc4 64. Qxh5 1-0

[Event "Online Olym Div2 C 2020"]
[Site "chess.com INT"]
[Date "2020.08.14"]
[Round "2.4"]
[Board "4"]
[White "Gjergji, Rozana"]
[Black "Alattar, Ghayda M."]
[Result "0-1"]
[WhiteTitle "WCM"]
[BlackTitle "WFM"]
[WhiteElo "1942"]
[BlackElo "1868"]
[WhiteTeam "Albania"]
[BlackTeam "Jordan"]
[WhiteFideId "4700147"]
[BlackFideId "8101531"]
[EventDate "2020.08.14"]
[EventType "team"]

1. e4 d6 2. d4 Nf6 3. Nc3 g6 4. f4 Bg7 5. Nf3 c6 6. e5 dxe5 7. fxe5 Nd5 8. Bc4
O-O 9. O-O h6 10. Qe1 Be6 11. Ne4 Nf4 12. Bxf4 Bxc4 13. Rf2 Bd5 14. c3 b6 15.
Nfd2 Na6 16. Qe2 Nc7 17. Raf1 Ne6 18. Be3 Rc8 19. Rf3 c5 20. Rh3 h5 21. g4 cxd4
22. cxd4 Bxe4 23. Nxe4 Nxd4 24. Qd1 Ne6 25. gxh5 Qxd1 26. Rxd1 Bxe5 27. hxg6
fxg6 28. Kh1 Rc4 29. Nd2 Rg4 30. b3 Bd4 31. Bh6 Rf2 32. Nf3 Bg7 33. Bxg7 Kxg7
34. Ne5 Rd4 35. Rg1 Nf4 36. Rhg3 Rdd2 37. Ng4 Rfe2 38. Rf3 e5 39. Nxe5 Rxh2# 0-1

[Event "Online Olym Div2 C 2020"]
[Site "chess.com INT"]
[Date "2020.08.14"]
[Round "2.4"]
[Board "5"]
[White "Loay, Sameer"]
[Black "Veleshnja, Zino"]
[Result "1-0"]
[WhiteTitle "IM"]
[WhiteElo "2197"]
[BlackElo "2287"]
[WhiteTeam "Jordan"]
[BlackTeam "Albania"]
[WhiteFideId "8104239"]
[BlackFideId "4701313"]
[EventDate "2020.08.14"]
[EventType "team"]

1. Nf3 Nf6 2. g3 g6 3. Bg2 Bg7 4. O-O O-O 5. d3 d6 6. e4 c5 7. c3 Nc6 8. Re1 e5
9. h3 b6 10. a3 Bb7 11. b4 cxb4 12. axb4 a5 13. b5 Na7 14. Qb3 Qe8 15. Na3 Nd7
16. d4 Rc8 17. Bb2 Qe6 18. Qa4 h6 19. h4 f5 20. Nd2 fxe4 21. Nxe4 d5 22. Nd2 Qf5
23. Re2 exd4 24. cxd4 Rce8 25. Qd1 Nc8 26. Nf1 Nd6 27. Ne3 Qf7 28. Rc1 Nf6 29.
Qb3 Nfe4 30. Rcc2 Re7 31. Nb1 Rfe8 32. Ng4 h5 33. Ne5 Bxe5 34. dxe5 Nf5 35. Nd2
Nc5 36. Qa2 Nd3 37. Qb3 Nc5 38. Qa3 d4 39. Rxc5 bxc5 40. Bxb7 Rxb7 41. Qxc5 Qe7
42. Qc6 Kh7 43. Ne4 Kh6 44. Bc1+ Kg7 45. Nf6 Rd8 46. Nd5 Qf7 47. e6 Ne7 48. Qxb7 1-0

[Event "Online Olym Div2 C 2020"]
[Site "chess.com INT"]
[Date "2020.08.14"]
[Round "2.4"]
[Board "6"]
[White "Shuqja, Klean"]
[Black "Tala, Alnasser"]
[Result "0-1"]
[WhiteTitle "WCM"]
[WhiteElo "1838"]
[BlackElo "1431"]
[WhiteTeam "Albania"]
[BlackTeam "Jordan"]
[WhiteFideId "4701585"]
[BlackFideId "8110328"]
[EventDate "2020.08.14"]
[EventType "team"]

1. e4 c5 2. Nf3 Nc6 3. d4 cxd4 4. Nxd4 g6 5. Nc3 Bg7 6. Nb3 d6 7. Be2 Nh6 8. O-O
O-O 9. Be3 f5 10. Qd2 Ng4 11. f3 Nxe3 12. Qxe3 Be6 13. Bd3 Bxb3 14. Qe2 Be6 15.
exf5 Bxf5 16. Bxf5 Rxf5 17. Qe6+ Kh8 0-1

[Event "Online Olym Div2 C 2020"]
[Site "chess.com INT"]
[Date "2020.08.14"]
[Round "2.5"]
[Board "1"]
[White "Sousa, Andre Ventura"]
[Black "Studer, Noel"]
[Result "0-1"]
[WhiteTitle "IM"]
[BlackTitle "GM"]
[WhiteElo "2394"]
[BlackElo "2573"]
[WhiteTeam "Portugal"]
[BlackTeam "Switzerland"]
[WhiteFideId "1917617"]
[BlackFideId "1319620"]
[EventDate "2020.08.14"]
[EventType "team"]

1. e4 c5 2. Nf3 Nc6 3. Bb5 g6 4. O-O Bg7 5. Nc3 e5 6. a4 Nge7 7. d3 O-O 8. Be3
d6 9. Qd2 Nd4 10. Bxd4 cxd4 11. Ne2 h6 12. c3 dxc3 13. Nxc3 Bg4 14. Ne1 d5 15.
exd5 Nxd5 16. Nc2 Nf4 17. Rfe1 Bf5 18. Rad1 Be6 19. Qe3 Bb3 20. Rd2 Qc7 21. g3
Nd5 22. Nxd5 Bxd5 23. Nb4 Be6 24. Rc2 Qa5 25. Qd2 Bb3 26. Rc5 Bxa4 27. Ra1 Qb6
28. Qc3 e4 29. d4 Bxb5 30. Nd5 Qd6 31. Rxb5 a6 32. Qb4 Rfd8 33. Ne7+ Kf8 34.
Qxd6 Rxd6 35. Rxb7 Re8 36. Rc1 Rxe7 37. Rc8+ Re8 38. Rcc7 Rf6 39. d5 Kg8 40. d6
Rxd6 0-1

[Event "Online Olym Div2 C 2020"]
[Site "chess.com INT"]
[Date "2020.08.14"]
[Round "2.5"]
[Board "2"]
[White "Pelletier, Yannick"]
[Black "Martins, David Pires Tavares"]
[Result "1-0"]
[WhiteTitle "GM"]
[BlackTitle "IM"]
[WhiteElo "2581"]
[BlackElo "2398"]
[WhiteTeam "Switzerland"]
[BlackTeam "Portugal"]
[WhiteFideId "1301837"]
[BlackFideId "1909991"]
[EventDate "2020.08.14"]
[EventType "team"]

1. d4 d6 2. Nf3 f5 3. c4 Nf6 4. Nc3 g6 5. g3 Bg7 6. Bg2 O-O 7. O-O Na6 8. d5 Nc5
9. Be3 Nfe4 10. Nxe4 fxe4 11. Nd4 a5 12. Qc2 Bf5 13. Nxf5 gxf5 14. f3 exf3 15.
Rxf3 e5 16. Rxf5 Rxf5 17. Qxf5 Qf6 18. Qxf6 Bxf6 19. Rf1 Bg7 20. Bh3 Rf8 21. Bf5
Na4 22. Bc1 Kh8 23. Bc2 Rxf1+ 24. Kxf1 Nc5 25. b3 Bf6 26. Bh6 c6 27. Kg2 cxd5
28. cxd5 Na6 29. a3 Nc5 30. Kf3 e4+ 31. Kg4 Bb2 32. a4 Kg8 33. Kf5 Kf7 34. Bd2
b6 35. Be3 Be5 36. Bxe4 Nxb3 37. Bxb6 Nd4+ 38. Kg5 Nxe2 39. Bxa5 Kg7 40. Bd2 Nc3
41. Bxc3 Bxc3 42. g4 h6+ 43. Kh5 Bd2 44. h4 Kf6 45. a5 Bxa5 46. Kxh6 Be1 47. g5+
Kf7 48. Kh7 Kf8 49. g6 1-0

[Event "Online Olym Div2 C 2020"]
[Site "chess.com INT"]
[Date "2020.08.14"]
[Round "2.5"]
[Board "3"]
[White "Pintor, Ariana"]
[Black "Georgescu, Lena"]
[Result "0-1"]
[WhiteTitle "WFM"]
[BlackTitle "WIM"]
[WhiteElo "1903"]
[BlackElo "2276"]
[WhiteTeam "Portugal"]
[BlackTeam "Switzerland"]
[WhiteFideId "1902806"]
[BlackFideId "1331973"]
[EventDate "2020.08.14"]
[EventType "team"]

1. e4 e5 2. Nf3 Nc6 3. Bb5 g6 4. O-O Bg7 5. c3 a6 6. Ba4 b5 7. Bb3 d6 8. h3 Nge7
9. d4 exd4 10. cxd4 O-O 11. Nc3 Na5 12. Bc2 Bb7 13. Bg5 h6 14. Bf4 Rc8 15. Qc1
Kh7 16. h4 c5 17. d5 Nc4 18. Nd2 Ne5 19. Bg3 c4 20. Qb1 b4 21. Ne2 a5 22. h5 Ba6
23. hxg6+ fxg6 24. Nd4 c3 25. bxc3 bxc3 26. Ne6 Qd7 27. Nxf8+ Rxf8 28. Nb3 Bxf1
29. Qxf1 Qa7 30. a4 g5 31. Qb5 Ra8 32. Rd1 N7g6 33. Nd4 Rb8 34. Qe2 Rb2 35. Nc6
Qc5 36. Nd8 Qa3 37. Rb1 Rxb1+ 38. Bxb1 Qa1 39. Qd1 Nc4 40. Ne6 Na3 41. Bc2 Qxd1+
42. Bxd1 c2 43. Bxc2 Nxc2 44. Bxd6 Be5 45. Be7 Nxe7 46. Nf8+ Kg7 47. Nd7 Bd4 48.
Nb8 Bc5 49. Na6 Bd6 50. Kf1 Kf6 51. Ke2 Ke5 52. Kd3 Nb4+ 53. Nxb4 Bxb4 54. g3
Nxd5 55. exd5 Kxd5 56. Ke3 Ke5 57. Kf3 Kf5 58. Ke3 h5 59. f3 h4 60. gxh4 gxh4
61. Kf2 Kf4 62. Kg2 Be1 63. Kf1 Kxf3 64. Kxe1 Kg2 65. Kd2 h3 66. Kd3 h2 67. Kc4
h1=Q 68. Kb5 Qh5+ 69. Ka6 Kf3 0-1

[Event "Online Olym Div2 C 2020"]
[Site "chess.com INT"]
[Date "2020.08.14"]
[Round "2.5"]
[Board "4"]
[White "Hakimifard, Ghazal"]
[Black "Ferreira, Ana Margarida"]
[Result "1-0"]
[WhiteTitle "WGM"]
[WhiteElo "2265"]
[BlackElo "1783"]
[WhiteTeam "Switzerland"]
[BlackTeam "Portugal"]
[WhiteFideId "12506540"]
[BlackFideId "1907000"]
[EventDate "2020.08.14"]
[EventType "team"]

1. e4 c5 2. Nf3 e6 3. d4 cxd4 4. Nxd4 a6 5. Nc3 Qc7 6. g3 Nf6 7. Bg2 Bb4 8. Bd2
O-O 9. O-O Nc6 10. Nb3 Na5 11. Nb5 axb5 12. Bxb4 Re8 13. Nxa5 Rxa5 14. Bxa5 Qxa5
15. e5 Nd5 16. Bxd5 exd5 17. Qxd5 Qc7 18. Qxb5 Rxe5 19. Rfe1 f6 20. Rxe5 fxe5
21. Qd5+ Kf8 22. c4 d6 23. Rd1 Ke7 24. Qg8 Kf6 25. Qf8+ Ke6 26. Rd3 Qe7 27.
Qxc8+ 1-0

[Event "Online Olym Div2 C 2020"]
[Site "chess.com INT"]
[Date "2020.08.14"]
[Round "2.5"]
[Board "5"]
[White "Martins, Bruno Andre Leite"]
[Black "Baenziger, Fabian"]
[Result "1/2-1/2"]
[BlackTitle "IM"]
[WhiteElo "2204"]
[BlackElo "2397"]
[WhiteTeam "Portugal"]
[BlackTeam "Switzerland"]
[WhiteFideId "1942255"]
[BlackFideId "1330110"]
[EventDate "2020.08.14"]
[EventType "team"]

1. e4 c5 2. Nf3 d6 3. d4 cxd4 4. Nxd4 Nf6 5. Nc3 a6 6. Bd3 g6 7. O-O Bg7 8. Re1
Bg4 9. Be2 Bd7 10. Bf1 Nc6 11. Nb3 O-O 12. a4 Na5 13. Nxa5 Qxa5 14. Bd2 Rfc8 15.
Nd5 Qd8 16. Bg5 Be6 17. Nxf6+ exf6 18. Be3 d5 19. exd5 Qxd5 20. Qxd5 Bxd5 21.
Red1 Be4 22. c3 f5 23. a5 Bf8 24. f3 Bc6 25. Rd2 Re8 26. Bb6 Bh6 27. Rd3 Bb5 28.
Rdd1 Bc6 29. Kf2 Rac8 30. Re1 Bf4 31. Rxe8+ Rxe8 32. g3 Bg5 33. Rd1 Bf6 34. Rd2
h5 35. Bc4 h4 36. Bd5 hxg3+ 37. hxg3 Bxd5 38. Rxd5 Re5 39. Rd7 Rb5 40. Rd2 Kg7 1/2-1/2

[Event "Online Olym Div2 C 2020"]
[Site "chess.com INT"]
[Date "2020.08.14"]
[Round "2.5"]
[Board "6"]
[White "Zhuang, Yongzhe"]
[Black "Avelino, Camila Biscaya"]
[Result "0-1"]
[WhiteElo "1645"]
[BlackElo "1732"]
[WhiteTeam "Switzerland"]
[BlackTeam "Portugal"]
[WhiteFideId "1339893"]
[BlackFideId "1938975"]
[EventDate "2020.08.14"]
[EventType "team"]

1. e4 e5 2. Nf3 Nc6 3. Bc4 Nf6 4. d3 Be7 5. c3 O-O 6. Nbd2 d6 7. h3 Kh8 8. Nf1
Ng8 9. Ng3 g6 10. h4 f5 11. Ng5 f4 12. Nf7+ Rxf7 13. Bxf7 fxg3 14. fxg3 Nf6 15.
Bg5 Nh5 16. g4 Bxg5 17. hxg5 Qxg5 18. gxh5 Qxg2 19. Rf1 Bh3 20. Qe2 Qxf1+ 21.
Qxf1 Bxf1 22. Kxf1 Rf8 23. hxg6 hxg6 24. Ke2 Rxf7 25. Rg1 Kg7 26. Ke3 Kf6 27. a3
g5 28. d4 exd4+ 29. cxd4 Kg6 30. b4 a6 31. Rg3 Kh5 32. d5 Ne5 33. a4 g4 34. Kd4
Kh4 35. Rg2 Kh3 36. Rb2 g3 37. Rb3 Kh2 38. b5 axb5 39. axb5 g2 0-1

[Event "Online Olym Div2 C 2020"]
[Site "chess.com INT"]
[Date "2020.08.14"]
[Round "3.1"]
[Board "1"]
[White "Studer, Noel"]
[Black "Anton Guijarro, David"]
[Result "0-1"]
[WhiteTitle "GM"]
[BlackTitle "GM"]
[WhiteElo "2573"]
[BlackElo "2688"]
[WhiteTeam "Switzerland"]
[BlackTeam "Spain"]
[WhiteFideId "1319620"]
[BlackFideId "2285525"]
[EventDate "2020.08.14"]
[EventType "team"]

1. d4 Nf6 2. c4 g6 3. Nc3 Bg7 4. e4 d6 5. h3 O-O 6. Be3 c5 7. Nf3 Qa5 8. Bd3
cxd4 9. Nxd4 Nc6 10. O-O Be6 11. Nxe6 fxe6 12. a3 Nd7 13. Rc1 Qd8 14. Bb1 Rc8
15. Ba2 Kh8 16. f4 a6 17. c5 Nxc5 18. e5 Nb8 19. b4 Ncd7 20. Ne4 Rxc1 21. Qxc1
dxe5 22. Ng5 Qc8 23. Nxe6 Re8 24. Qe1 Bf6 25. g4 exf4 26. Bxf4 Qc3 27. Qxc3 Bxc3
28. Rc1 Be5 29. Bh6 Nc6 30. Rd1 Nb6 31. Ng5 e6 32. Nxe6 Re7 33. Rf1 Nd7 34. Kg2
Nd4 35. Ng5 Bg7 36. Nf7+ Kg8 37. Ne5+ Kh8 38. Nf7+ Kg8 39. Ng5+ Kh8 40. Bxg7+
Kxg7 41. Kg3 Re3+ 42. Kh4 Ne5 43. Rf4 h6 44. Rxd4 hxg5+ 45. Kxg5 Rxa3 46. Re4
Nf3+ 47. Kf4 g5+ 48. Kf5 Rxa2 49. Re7+ Kf8 50. Rxb7 Rc2 51. Rb6 Rc4 52. Kf6 Rf4+
53. Kg6 Ke8 54. Rxa6 Rxb4 55. Re6+ Kd7 56. Rf6 Rb3 57. Rf5 Ke6 58. Kh6 Ra3 59.
Kg6 Rb3 60. Kh6 Nd4 61. Rxg5 Rxh3+ 62. Rh5 Rg3 63. Kg5 Ke5 64. Rh1 Nf3+ 65. Kh5
Kf6 66. Kh6 Rxg4 67. Kh7 Rg7+ 68. Kh8 Rg3 69. Rh6+ Kf7 70. Rh7+ Kf8 71. Ra7 Rh3+
72. Rh7 Rg3 73. Ra7 Ng5 74. Ra8+ Kf7 75. Ra7+ Kf6 76. Ra6+ Ne6 77. Kh7 Rg1 78.
Rb6 Rc1 79. Ra6 Rg1 80. Rb6 Ra1 81. Rc6 Kf7 0-1